मानक हिन्दी पर्याय कोश (Record no. 5115)

MARC details
000 -LEADER
fixed length control field 00975 a2200217 4500
005 - DATE AND TIME OF LATEST TRANSACTION
control field 20080908150653.0
008 - FIXED-LENGTH DATA ELEMENTS--GENERAL INFORMATION
fixed length control field 080908t xxu||||| |||| 00| 0 hin d
010 ## - LIBRARY OF CONGRESS CONTROL NUMBER
LC control number HIN-80163
020 ## - INTERNATIONAL STANDARD BOOK NUMBER
Terms of availability 225.00
035 ## - SYSTEM CONTROL NUMBER
System control number HN-52509
037 ## - SOURCE OF ACQUISITION
Source of stock number/acquisition D.B.Act / pub
082 ## - DEWEY DECIMAL CLASSIFICATION NUMBER
Classification number 423
100 ## - MAIN ENTRY--PERSONAL NAME
Personal name बाहरी, हरदेव
245 ## - TITLE STATEMENT
Title मानक हिन्दी पर्याय कोश
Statement of responsibility, etc हरदेव बाहरी
246 ## - VARYING FORM OF TITLE
Title proper/short title Manak Hindi paryaya kosh
Remainder of title by Hardev Bahri
260 ## - PUBLICATION, DISTRIBUTION, ETC. (IMPRINT)
Place of publication, distribution, etc नई दिल्ली
Name of publisher, distributor, etc विद्या प्रकाशन मंदिर
Date of publication, distribution, etc 2002
270 ## - ADDRESS
Address 1681, दरियागंज
City नई दिल्ली
Postal code 110002
300 ## - PHYSICAL DESCRIPTION
Extent 247पृ
Dimensions 22 सेमी (सजिल्द)
942 ## - ADDED ENTRY ELEMENTS (KOHA)
Institution code [OBSOLETE] dpl
Koha item type Hindi Books
Call number prefix 423 / बाहरी
Source of classification or shelving scheme Dewey Decimal Classification
Classification part 423
Call number suffix बाहरी
Holdings
Withdrawn status Lost status Damaged status Not for loan Home library Current library Date acquired Cost, normal purchase price Total Checkouts Full call number Barcode Date last seen Copy number Uniform Resource Identifier Cost, replacement price Price effective from Koha item type
        D.B.Act.Division D.B.Act.Division 08/09/2008 225.00   423 बाहरी HN-52509 15/09/2008 1 5440 225.00 15/09/2008 Hindi Books

© Delhi Public Library
Hit Counter
free hit counter